Vista normal
Vista MARC
Entrada Personal Name
Número de registros utilizados en: 4
001 - CONTROL NUMBER
- control field: 12087
003 - CONTROL NUMBER IDENTIFIER
- control field: DLC
005 - DATE AND TIME OF LATEST TRANSACTION
- control field: 20220211143942.0
008 - FIXED-LENGTH DATA ELEMENTS
- fixed length control field: 790918n| azannaabn |a aaa
010 ## - LIBRARY OF CONGRESS CONTROL NUMBER
- LC control number: n 79079163
035 ## - SYSTEM CONTROL NUMBER
- System control number: (OCoLC)oca00311751
040 ## - CATALOGING SOURCE
- Original cataloging agency: DLC
- Language of cataloging: spa
- Description conventions: rda
- Transcribing agency: Mx-PuUPA
- Modifying agency: DLC
- Modifying agency: OCoLC
- Modifying agency: IEN
- Modifying agency: Mx-PuUPA
046 ## - SPECIAL CODED DATES
- Birth date: 18981004
- Death date: 19790514
- Source of date scheme: edtf
053 #0 - LC CLASSIFICATION NUMBER
- Classification number element--single number or beginning number of span: PQ6605.A68
100 1# - HEADING--PERSONAL NAME
- Personal name: Camón Aznar, José
- Dates associated with a name: 1898-1979
372 ## - FIELD OF ACTIVITY
- Field of activity: Historia del arte
374 ## - OCCUPATION
- Occupation: Autor
375 ## - GENDER
- Gender: hombre
377 ## - ASSOCIATED LANGUAGE
- Language code: spa
400 1# - SEE FROM TRACING--PERSONAL NAME
- Personal name: Aznar, José Camón
- Dates associated with a name: 1898-1979
670 ## - SOURCE DATA FOUND
- Source citation: His Joyas de la pintura religiosa ... 1929-30.
670 ## - SOURCE DATA FOUND
- Source citation: His Alonso Berruguete, 1980:
- Information found: t.p. (b. 1898; d. 1979)
670 ## - SOURCE DATA FOUND
- Source citation: Lomba Fuentes, J. El pensamiento de Camón Aznar, 1984?:
- Information found: p. 15 (b. 10/4/1898)
670 ## - SOURCE DATA FOUND
- Source citation: Info. converted from 678, 2012-09-24
- Information found: (b. 1899)
670 ## - SOURCE DATA FOUND
- Source citation: Gran enciclopedia aragonesa, viewed Oct. 15, 2012
- Information found: (José Camón Aznar; b. 1898, d. 14-V-1979; writer on arts and esthetics; also wrote 30 theatrical pieces, books on philosophy, five books of poetry, history)
- Uniform Resource Identifier: http://www.enciclopedia-aragonesa.com/voz.asp?voz_id=2940